header

Fundamentals of language (Record no. 109723)

MARC details
000 -LEADER
fixed length control field 01264nam a2200349Ia 4500
100 1# - MAIN ENTRY--AUTHOR NAME
Personal name Jakobson, Roman,
245 10 - TITLE STATEMENT
Title Fundamentals of language
250 ## - EDITION STATEMENT
Edition statement 4th ed.
260 ## - PUBLICATION, DISTRIBUTION, ETC. (IMPRINT)
Place of publication The Hague :
Name of publisher Mouton,
Year of publication 1980, c1956.
300 ## - PHYSICAL DESCRIPTION
Number of Pages 96 p.
490 0# - SERIES STATEMENT
Series statement Janua linguarum. Series minor ;
650 #0 - SUBJECT ADDED ENTRY--TOPICAL TERM
Topical Term Grammar, Comparative and general
Topical Term Phonetics.
Topical Term Aphasia.
700 1# - ADDED ENTRY--PERSONAL NAME
Personal name Halle, Morris.
856 40 - ELECTRONIC LOCATION AND ACCESS
Uniform Resource Identifier http://site.ebrary.com/lib/rucke/Doc?id=10597747

No items available.

© 2026 Rongo University
Contact us: librarian | system librarian | Rongo university